000 00459nam a2200181Ia 4500
001 19600
005 20260306172705.0
008 260306t2017||||xx |||||||||||||| ||spa||
041 _aESP
082 _a340.7
_bC75 Nº 25
100 _aSalas Sánchez, Julio
_eAUT
245 0 _aSociedades reguladas por la ley general de sociedades
260 _c2017
300 _a187 páginas :
_c20 cm.
650 _aGEN
654 _aCDE
942 _cLIB
_dJUS
_fJUS
_2ddc
_n
999 _c19600
_d19600